[Event "Olympiad-42"]
[Site "Baku"]
[Date "2016.09.10"]
[Round "8.4"]
[White "Neto, Roberto"]
[Black "Lynch, Kemp"]
[Result "1/2-1/2"]
[WhiteElo "1561"]
[BlackElo "1992"]
[PlyCount "159"]
[EventDate "2016.09.02"]
[EventType "team-swiss"]
[EventRounds "11"]
[EventCountry "AZE"]
[SourceTitle "CBM 175"]
[Source "ChessBase"]
[SourceDate "2016.11.10"]
[SourceVersion "1"]
[SourceVersionDate "2016.11.10"]
[SourceQuality "1"]
[WhiteTeam "Guyana"]
[BlackTeam "Barbados"]
[WhiteTeamCountry "GUY"]
[BlackTeamCountry "BAR"]

1. e4 d5 2. exd5 Qxd5 3. Nc3 Qd6 4. d4 Nf6 5. Be2 c6 6. Be3 Bf5 7. Bd3 Bxd3 8. Qxd3 e6 9. Nf3 Nbd7 10. 0-0 Be7 11. Bg5 h6 12. Ne4 Qd5 13. Nxf6+ Nxf6 14. Bxf6 Bxf6 15. Rfe1 0-0-0 16. c3 Kb8 17. Qe2 Qf5 18. Qe4 Qh5 19. h3 Rhg8 20. Qf4+ Kc8 21. Ne5 Rd5 22. Qg4 Qxg4 23. Nxg4 Bd8 24. Re2 Bc7 25. Rae1 Ra5 26. b4 Ra3 27. Rc2 Rd8 28. Ree2 a5 29. Ne5 Bxe5 30. dxe5 axb4 31. cxb4 Rd5 32. Rb2 Kc7 33. Kh2 Kb6 34. g4 Rdd3 35. Re3 Kb5 36. Rxd3 Rxd3 37. Re2 b6 38. Rc2 Rd4 39. a3 c5 40. bxc5 bxc5 41. Rb2+ Ka4 42. Rb7 Rf4 43. Kg3 g5 44. Ra7+ Kb3 45. a4 c4 46. a5 c3 47. Rb7+ Kc2 48. a6 Kd2 49. Rd7+ Kc1 50. a7 Ra4 51. Kg2 c2 52. Rxf7 Ra6 53. Rc7 Kb2 54. Rb7+ Kc3 55. Rc7+ Kd3 56. Rd7+ Kc3 57. Rc7+ Kb3 58. Rb7+ Kc4 59. Rc7+ Kd3 60. Rd7+ Ke4 61. Rc7 Rxa7 62. Rxc2 Kxe5 63. Rc8 Kf6 64. Rc6 Re7 65. Ra6 Rd7 66. Ra5 Rh7 67. Ra4 Rd7 68. Ra5 h5 69. Ra4 h4 70. Ra2 Ke5 71. Re2+ Kf6 72. Ra2 Rd6 73. Re2 e5 74. Ra2 e4 75. Ra5 Re6 76. Rf5+ Kg6 77. Kg1 Rf6 78. Re5 Rf4 79. Kg2 Kf6 80. Re8 1/2-1/2

[Event "Barbados-ch"]
[Site "Bridgetown"]
[Date "2009.09.19"]
[Round "7"]
[White "Daniel, Kelvin"]
[Black "Lynch, Kemp"]
[Result "1/2-1/2"]
[WhiteElo "2036"]
[BlackElo "1709"]
[PlyCount "113"]
[EventDate "2009.09.05"]
[EventType "tourn"]
[EventRounds "11"]
[EventCountry "BAR"]
[SourceTitle "EXT 2024"]
[Source "ChessBase"]
[SourceDate "2023.10.10"]
[SourceVersion "1"]
[SourceVersionDate "2023.10.10"]
[SourceQuality "1"]

1. d4 d5 2. Nf3 c5 3. e3 e6 4. Bd3 Nf6 5. b3 Be7 6. Bb2 Nbd7 7. Nbd2 b6 8. 0-0 0-0 9. Ne5 Bb7 10. Qf3 Qc7 11. Qh3 h6 12. f3 Rac8 13. g4 cxd4 14. Nxd7 Nxd7 15. exd4 Qf4 16. Rad1 Bb4 17. Nb1 a6 18. c3 Bd6 19. Bc1 Qf6 20. g5 Qe7 21. gxh6 f5 22. hxg7 Rf6 23. Kh1 Rg6 24. Rg1 Qf6 25. Rxg6 Qxg6 26. Rg1 Qh7 27. Qg2 Nf6 28. Qe2 Kf7 29. Rg2 b5 30. Bd2 Nh5 31. Kg1 Rg8 32. a4 bxa4 33. bxa4 Rxg7 34. Kf1 Rxg2 35. Qxg2 Nf4 36. Bxf4 Bxf4 37. Qb2 Kf6 38. Kg1 Be3+ 39. Kh1 Qh3 40. Qe2 Bf4 41. Na3 e5 42. Bxa6 Ba8 43. Qg2 Qh4 44. Nc2 e4 45. Be2 Bd2 46. Qg3 Qxg3 47. hxg3 exf3 48. Bxf3 Bxc3 49. Kg2 Bc6 50. Ne3 Ke6 51. g4 fxg4 52. Bxg4+ Kf7 53. Bh5+ Kf8 54. Nxd5 Bxd5+ 55. Bf3 Bxf3+ 56. Kxf3 Bxd4 57. Ke4 1/2-1/2